Adolescent online victimization: a test of routine activities theory
Introduction -- Adolescents and the age of the internet -- The prevalence of routine activities theory -- Investigating adolescent online victimization and formation of relationships with online contacts -- Univariate and bivariate results -- Uncovering potential factors of online victimization -- A...
| 1. VerfasserIn: | |
|---|---|
| Medienart: | Druck Buch |
| Sprache: | Englisch |
| Veröffentlicht: |
El Paso, Tex.
LFB Scholarly Publ.
2009
|
| In: | Jahr: 2009 |
| Online-Zugang: |
Inhaltsverzeichnis |
| Bestand in Tübingen: | In Tübingen vorhanden. UB: KB 20 A 4102 |
| Verfügbarkeit prüfen: | HBZ Gateway |
| Subito Bestelldienst: | Jetzt bestellen. |
| Schlagwörter: |
MARC
| LEADER | 00000cam a2200000 c 4500 | ||
|---|---|---|---|
| 001 | 1622835735 | ||
| 003 | DE-627 | ||
| 005 | 20251225202557.0 | ||
| 007 | tu | ||
| 008 | 091020s2009 xxu||||| 00| ||eng c | ||
| 010 | |a 2009018624 | ||
| 020 | |a 9781593323455 |c alk. paper |9 978-1-59332-345-5 | ||
| 035 | |a (DE-627)1622835735 | ||
| 035 | |a (DE-576)312087977 | ||
| 035 | |a (DE-599)BSZ312087977 | ||
| 035 | |a (OCoLC)698847170 | ||
| 040 | |a DE-627 |b ger |c DE-627 |e rakwb | ||
| 041 | |a eng | ||
| 044 | |c XD-US | ||
| 050 | 0 | |a HQ784.I58 | |
| 082 | 0 | |a 364.1680835 | |
| 100 | 1 | |a Marcum, Catherine Davis |d 1980- |0 (DE-588)140256857 |0 (DE-627)703616803 |0 (DE-576)304192686 |4 aut | |
| 109 | |a Marcum, Catherine Davis 1980- |a Davis Marcum, Catherine 1980- |a Marcum, Catherine D. 1980- | ||
| 245 | 1 | 0 | |a Adolescent online victimization |b a test of routine activities theory |c Catherine Davis Marcum |
| 264 | 1 | |a El Paso, Tex. |b LFB Scholarly Publ. |c 2009 | |
| 300 | |a XI, 271 S. | ||
| 336 | |a Text |b txt |2 rdacontent | ||
| 337 | |a ohne Hilfsmittel zu benutzen |b n |2 rdamedia | ||
| 338 | |a Band |b nc |2 rdacarrier | ||
| 490 | 0 | |a Criminal justice |a recent scholarship | |
| 500 | |a Includes bibliographical references and index | ||
| 520 | |a Introduction -- Adolescents and the age of the internet -- The prevalence of routine activities theory -- Investigating adolescent online victimization and formation of relationships with online contacts -- Univariate and bivariate results -- Uncovering potential factors of online victimization -- Applying the findings to the future | ||
| 583 | 1 | |a Archivierung prüfen |c 20200919 |f DE-640 |z 2 |2 pdager | |
| 650 | 0 | |a Internet and teenagers | |
| 650 | 0 | |a Internet |x Safety measures | |
| 650 | 0 | |a Internet |x Social aspects | |
| 650 | 0 | |a Teenagers |x Crimes against | |
| 650 | 0 | |a Technology |x Social aspects | |
| 689 | 0 | 0 | |d s |0 (DE-588)7864395-8 |0 (DE-627)700634487 |0 (DE-576)363213635 |a Internetkriminalität |2 gnd |
| 689 | 0 | 1 | |d s |0 (DE-588)4028859-6 |0 (DE-627)104419199 |0 (DE-576)208979859 |a Jugend |2 gnd |
| 689 | 0 | 2 | |d s |0 (DE-588)4078782-5 |0 (DE-627)106076329 |0 (DE-576)20921001X |a Verbrechensopfer |2 gnd |
| 689 | 0 | 3 | |d s |0 (DE-588)4077852-6 |0 (DE-627)106079085 |0 (DE-576)209206500 |a Statistischer Test |2 gnd |
| 689 | 0 | |5 (DE-627) | |
| 689 | 1 | 0 | |d s |0 (DE-588)4535905-2 |0 (DE-627)26622234X |0 (DE-576)213451794 |a Computerunterstützte Kommunikation |2 gnd |
| 689 | 1 | 1 | |d s |0 (DE-588)4028859-6 |0 (DE-627)104419199 |0 (DE-576)208979859 |a Jugend |2 gnd |
| 689 | 1 | 2 | |d s |0 (DE-588)4078906-8 |0 (DE-627)106075985 |0 (DE-576)209210435 |a Viktimologie |2 gnd |
| 689 | 1 | 3 | |d s |0 (DE-588)4077852-6 |0 (DE-627)106079085 |0 (DE-576)209206500 |a Statistischer Test |2 gnd |
| 689 | 1 | |5 (DE-627) | |
| 856 | 4 | 2 | |u https://swbplus.bsz-bw.de/bsz312087977inh.htm |m B:DE-576;DE-21 |q application/pdf |v 20100126103053 |x Verlag |3 Inhaltsverzeichnis |7 1 |
| 951 | |a BO | ||
| ELC | |b 1 | ||
| LOK | |0 000 xxxxxcx a22 zn 4500 | ||
| LOK | |0 001 3247725628 | ||
| LOK | |0 003 DE-627 | ||
| LOK | |0 004 1622835735 | ||
| LOK | |0 005 20100118162012 | ||
| LOK | |0 008 091020||||||||||||||||ger||||||| | ||
| LOK | |0 040 |a DE-21 |c DE-627 |d DE-21 | ||
| LOK | |0 852 |a DE-21 | ||
| LOK | |0 852 1 |c KB 20 A 4102 |9 00 | ||
| LOK | |0 935 |a krim | ||
| LOK | |0 936ln |a k8.9.3 | ||
| LOK | |0 938 |a 1001 |f 34 | ||
| LOK | |0 939 |a 20-10-09 |b l01 | ||
| ORI | |a SA-MARC-krimdoka001.raw | ||
| SIG | |a UB: KB 20 A 4102 | ||
